महाराष्ट्रातील जमीनविषय कायदे (Record no. 989337)

MARC details
000 -LEADER
fixed length control field 00418nam a2200133Ia 4500
008 - FIXED-LENGTH DATA ELEMENTS--GENERAL INFORMATION
fixed length control field 151001s9999||||xx |||||||||||||| ||und||
100 ## - MAIN ENTRY--PERSONAL NAME
Personal name अरुणकुमार मुखेडकर
245 ## - TITLE STATEMENT
Title महाराष्ट्रातील जमीनविषय कायदे
250 ## - EDITION STATEMENT
Edition statement 2
260 ## - PUBLICATION, DISTRIBUTION, ETC. (IMPRINT)
Name of publisher, distributor, etc नाशिक लॉ हाऊस
260 ## - PUBLICATION, DISTRIBUTION, ETC. (IMPRINT)
Date of publication, distribution, etc 2007
300 ## - PHYSICAL DESCRIPTION
Extent 832
365 ## - TRADE PRICE
Price amount 21

No items available.